IFM Opac

THE ECONOMY OF ENGLAND 1450-1750 (Record no. 14718)

MARC details
000 -LEADER
fixed length control field 00405nam a22001577a 4500
020 ## - INTERNATIONAL STANDARD BOOK NUMBER
International Standard Book Number 0 19 289070 0
082 ## - DEWEY DECIMAL CLASSIFICATION NUMBER
Classification number 330.941COL
100 ## - MAIN ENTRY--PERSONAL NAME
Personal name COLEMAN, D.C.
245 ## - TITLE STATEMENT
Title THE ECONOMY OF ENGLAND 1450-1750
260 ## - PUBLICATION, DISTRIBUTION, ETC.
Place of publication, distribution, etc. LONDON
Name of publisher, distributor, etc. OXFORD
Date of publication, distribution, etc. 1977
300 ## - PHYSICAL DESCRIPTION
Extent VIII,223P
Other physical details 25CM
500 ## - GENERAL NOTE
General note INCLUDE BIBLIOGRAPHY AND INDEX
650 ## - SUBJECT ADDED ENTRY--TOPICAL TERM
Topical term or geographic name entry element THE ECONOMY OF ENGLAND 1450-1750
700 ## - ADDED ENTRY--PERSONAL NAME
Personal name COLEMAN, D.C.
942 ## - ADDED ENTRY ELEMENTS (KOHA)
Koha item type Books

No items available.